000 00398nam a2200169Ia 4500
008 230524s9999 xx 000 0 und d
020 _a1403926778
082 _a381.142
_bMAT
100 _aU.C.Mathur
245 0 _aStrategic Management
250 _aIST
260 _aNEW DELHI
_bMacmillan
_c2008
300 _aXXII;873
500 _aQuantity Number: 4
650 _aManagement
942 _cBK
999 _c41958
_d41958